000 00549nam a2200205 a 4500
001 BRCA_6890
005 20190320205629.0
008 111111s1911----gw-a######---#000-0#ger-#
041 _ager
044 _agw
050 4 _aPT2613 R46
_b.A88 1911
245 1 0 _aAus´m heligen Landl
_hlustige Tiroler Geschichten
_cvon Rudolf Greinz.
260 _aLeipzig
_bL. Staackmann
_c1911
300 _a330 p.
_bil.
_c19 cm.
500 _aEdición con cantos dorados
500 _aO90
650 1 4 _aLiteratura Alemana
_96160
902 _aGFM
942 _2lcc
_cB
999 _c6572
_d6572